| 000 | 00365nam a22001577a 4500 | ||
|---|---|---|---|
| 999 |
_c259891 _d259890 |
||
| 003 | OSt | ||
| 005 | 20230324153843.0 | ||
| 008 | 230324b xxu||||| |||| 00| 0 eng d | ||
| 020 | _a9780425227725 | ||
| 040 | _cN/A | ||
| 100 | _aLaurell K.Hamilton | ||
| 245 | _aSkin Trade | ||
| 250 | _a1st Edition | ||
| 260 |
_aNew York _bBerkley Books _c2009 |
||
| 942 |
_2lcc _cBK |
||